| 000 | 01079cab a2200409 4500 | ||
|---|---|---|---|
| 001 | ABS53721 | ||
| 008 | 090401t1995 xxu||||| |||| 00| 0 eng d | ||
| 035 | _a(Sirsi) u6188 | ||
| 041 | _aeng | ||
| 245 | _aMarket report: Kent | ||
| 260 | _c1995 | ||
| 350 | _a0 | ||
| 490 |
_aProperty Week _v53(3) 19 October 1995, 38-66(10) |
||
| 650 | _aASHFORD | ||
| 650 | _aBLUEWATER PARK | ||
| 650 | _aDARTFORD | ||
| 650 | _aDEMOGRAPHICS | ||
| 650 | _aDEVELOPMENT GRANTS | ||
| 650 | _aDOVER HARBOUR | ||
| 650 | _aGRANTS | ||
| 650 | _aGRAVESHAM | ||
| 650 | _aINDUSTRIAL RENTS | ||
| 650 | _aINDUSTRIAL YIELDS | ||
| 650 | _aKENT ENTERPRISE OFFICE | ||
| 650 | _aKENT | ||
| 650 | _aPROPERTY-COMMERCIAL PROPERTY-OFFICE PROPERTY-OFFICE PROPERTY MARKET | ||
| 650 | _aOFFICE RENTS | ||
| 650 | _aOFFICE YIELDS | ||
| 650 | _aRETAIL RENTS | ||
| 650 | _aRETAIL YIELDS | ||
| 650 | _aTHAMES GATEWAY | ||
| 650 | _aTHAMES-SIDE | ||
| 650 | _aURBAN REGENERATION | ||
| 690 | _aPROPERTY-COMMERCIAL PROPERTY-COMMERCIAL PROPERTY MARKET | ||
| 942 | _n0 | ||
| 948 | _c04/03/1997 | ||
| 999 |
_c3715 _d3715 |
||